Piłkarska kariera Teddiego Sheringhama. - Statystyki

Ogólne statystyki
  • Ten quiz został rozwiązany 19 razy
  • Średni wynik to 3 z 9
Statystyki odpowiedzi
Lata Drużyna % Poprawnych
1997-2001 Manchester United
94%
1992-1997 Tottenham
63%
2001-2003 Tottenham
63%
2004-2007 West Ham
38%
2007-2008 Colchester
19%
1991-1992 Nottingham Forest
19%
1985-1985 Djurgarden
13%
1984-1991 Millwall
13%
2003-2004 Portsmouth
13%
Nie znaleziono quizów pasujących do podanych kryteriów
Rozkład punktacji
Procent ludzi z każdym wynikiem
Percentyl według liczby udzielonych odpowiedzi
Twoja historia wyników
Nie rozwiązałeś tego quizu